Phân lập và tuyển chọn vi khuẩn chuyển hóa nitơ trong chất thải ao cá tra và trại heo (sau biogas) ở tỉnh Bến Tre : Luận văn Thạc sĩ Khoa học. Chuyên ngành: Công nghệ sinh học

Phân lập những dòng vi khuẩn có khả năng chuyển hóa ni tơ trong chất thải ao cá tra và trại heo. Tuyển chọn được một số dòng có khả năng chuyển hóa nitơ tối ưu nhất từ các dòng vi khuẩn có khả năng chuyển hóa nitơ phân lập được. Nhận d...

全面介紹

Đã lưu trong:
書目詳細資料
主要作者: Trịnh, Nguyễn Trúc Linh
格式: 圖書
語言:Undetermined
出版: Cần Thơ Trường Đại học Cần Thơ 2012
主題:
標簽: 添加標簽
沒有標簽, 成為第一個標記此記錄!
Thư viện lưu trữ: Trung tâm Học liệu Trường Đại học Cần Thơ
LEADER 01464nam a2200217Ia 4500
001 CTU_175597
008 210402s9999 xx 000 0 und d
082 |a 660.63 
082 |b L312 
088 |a 60420201 
100 |a Trịnh, Nguyễn Trúc Linh 
245 0 |a Phân lập và tuyển chọn vi khuẩn chuyển hóa nitơ trong chất thải ao cá tra và trại heo (sau biogas) ở tỉnh Bến Tre : 
245 0 |b Luận văn Thạc sĩ Khoa học. Chuyên ngành: Công nghệ sinh học 
245 0 |c Trịnh Nguyễn Trúc Linh ; Cao Ngọc Điệp (Người hướng dẫn Khoa học) 
260 |a Cần Thơ 
260 |b Trường Đại học Cần Thơ 
260 |c 2012 
520 |a Phân lập những dòng vi khuẩn có khả năng chuyển hóa ni tơ trong chất thải ao cá tra và trại heo. Tuyển chọn được một số dòng có khả năng chuyển hóa nitơ tối ưu nhất từ các dòng vi khuẩn có khả năng chuyển hóa nitơ phân lập được. Nhận diện các dòng vi khuẩn tối ưu đã tuyển chọn được và mối quan hệ giữa chúng với nhau. 
650 |a Biochemical engineering,Bacillus (Bacteria),Công nghệ hoá sinh học,Vi khuẩn hình que 
904 |i Năm 
980 |a Trung tâm Học liệu Trường Đại học Cần Thơ